|
|
|
|
| LEADER |
01122nam a2200277 a 4500 |
| 001 |
GR-MES12732 |
| 008 |
070712s gr b 001 0 gre d |
| 020 |
|
|
|a 1402032293
|
| 040 |
|
|
|a GrPaTEI
|b gre
|c GR-PaULI
|
| 040 |
|
|
|a GrPaTEI
|b gre
|c GR-PaULI
|
| 082 |
|
0 |
|a 660.6
|2 21
|
| 245 |
0 |
0 |
|a Applications of cell immobilisation biotechnology ; Edited by: Viktor Nedovic, Ronnie Willaert.
|
| 260 |
|
|
|a Dordrecht :
|b Springer,
|c 2005
|
| 300 |
|
|
|a v
|a 573σ. :
|b εικ. ;
|c 25εκ.
|
| 490 |
0 |
|
|a Focus on biotechnology. v.8B
|
| 504 |
|
|
|a Περιλαμβάνει βιβλιογραφίες και ευρετήριο.
|
| 650 |
|
0 |
|a Animal cell biotechnology
|
| 650 |
|
0 |
|a Immobilized cells
|
| 650 |
|
0 |
|a Microencapsulation
|
| 650 |
|
4 |
|a Βιοτεχνολογία
|
| 700 |
1 |
|
|a Nedovic, Viktor
|
| 700 |
1 |
|
|a Willaert, Ronnie
|
| 942 |
|
|
|2 ddc
|
| 952 |
|
|
|0 0
|1 0
|2 ddc
|4 0
|6 660_600000000000000_APP
|7 0
|9 271311
|a MSLG
|b MSLG
|c BSC
|d 2021-01-17
|e 24
|f 0
|g 0.00
|l 0
|o 660.6 APP
|p 2420000022242
|r 2021-01-17 00:00:00
|t 1
|w 2021-01-17
|y BK15
|x 20070712 0 ΤΣΑΝΤΑΡΛΙΩΤΗ 1
|x GrPaTEI
|
| 971 |
|
|
|a .b25787792
|b 15-04-20
|c 13-09-16
|
| 999 |
|
|
|c 156697
|d 156697
|